00899nam a2200193 i 4500001000700000003000900007005001700016007000300033008004100036100005100077245024400128260004300372300003200415600003700447600005800484852002200542999001900564952012200583136531ES-MaACL20250916212403.0t|070214s1971 sp r ||||1| spa d1 aSaénz de Tejada y Benvenuti, Carlos.910132210aJuan Valera, Serafín Estébanez Calderón, 1850-1858 : bcrónica histórica y vital de Lisboa, Brasil, París y Dresde : (como coyunturas humanas a través de un diplomático intelectual) / cCarlos Sáenz de Tejada y Benvenuti. aMadrid : bMoneda y Crédito, c1971. a395 p., 8 lám. ; c24 cm.14aValera, Juan,d1824-1905911263814aEstébanez Calderón, Serafín, d1799-1867948084 aES-MaACLjC-37651 c136531d136531 00104070aATENEOMbATENEOMcDEPO2d2008-01-17eSCl0oC-37651p1142092r2023-02-23 00:00:00w2023-02-23yMONOGRAFIA